000 00341 a2200157 4500
001 170600
020 _a
040 _cMagnum
100 _aInnecco, Neide
240 1 0 _aO anjo, a natureza e as criancas
_lpor
245 1 0 _aO anjo, a natureza e as criancas
362 0 _a1899
440 1 _aLeitura
697 _aIJ/FICCAO
942 _cBK
999 _c170600
_d170600